Ông bà và cháu

में बचाया:
ग्रंथसूची विवरण
अन्य लेखक: Nguyễn, Thị Bích Nga ((dịch))
स्वरूप: पुस्तक
भाषा:Vietnamese
प्रकाशित: TP. Hồ Chí Minh Trẻ 2004
श्रृंखला:Tình yêu & cuộc sống
विषय:
टैग : टैग जोड़ें
कोई टैग नहीं, इस रिकॉर्ड को टैग करने वाले पहले व्यक्ति बनें!
Thư viện lưu trữ: Trung tâm Học liệu Lê Vũ Hùng, Trường Đại học Đồng Tháp
LEADER 00812aam a22002658a 4500
001 00028627
005 20171026081025.0
008 120329s2004 ||||||viesd
020 |c 14000 
041 0 # |a vie 
082 1 4 |a 808.83  |b Ô455B 
245 0 0 |a Ông bà và cháu  |c Nguyễn Thị Bích Nga (dịch) 
260 # # |b Trẻ  |c 2004  |a TP. Hồ Chí Minh 
300 # # |a 143tr.  |c 19cm. 
490 # # |a Tình yêu & cuộc sống 
650 # 4 |a Văn học hiện đại  |x Truyện ngắn 
653 # # |a Gia đình 
653 # # |a Ông bà 
700 1 # |a Nguyễn, Thị Bích Nga  |e (dịch) 
852 # # |b Kho đọc  |j KD.0013015 
852 # # |j KD.0013015 
910 |d 29/03/2012 
980 # # |a Trung tâm Học liệu Lê Vũ Hùng, Trường Đại học Đồng Tháp